| 000 -CABECERA |
| Longitud fija campo de control |
00789nam a22002177a 4500 |
| 003 - IDENTIFICADOR DEL NÚMERO DE CONTROL |
| Identificador del número de control |
OSt |
| 005 - FECHA Y HORA DE LA ÚLTIMA TRANSACCIÓN |
| Fecha y hora de la última transacción |
20131015102048.0 |
| 008 - CÓDIGOS DE INFORMACIÓN DE LONGITUD FIJA |
| Códigos de información de longitud fija |
130605s1993 sp ||||| |||| 00| 0 spa d |
| 020 ## - NÚMERO INTERNACIONAL NORMALIZADO PARA LIBROS |
| Número Internacional Normalizado para Libros (ISBN) |
8475853994 |
| 040 ## - FUENTE DE LA CATALOGACIÓN |
| Centro transcriptor |
CDMR |
| 245 04 - MENCIÓN DE TÍTULO |
| Título |
Los medios de comunicación en el País Vasco |
| Mención de responsabilidad, etc. |
coordinadores: César Coca, Florencio Martínez ; Ofa Bezunartea... [et al.] |
| 260 ## - PUBLICACIÓN, DISTRIBUCIÓN, ETC. (PIE DE IMPRENTA) |
| Lugar de publicación, distribución, etc. |
Bilbao |
| Nombre del editor, distribuidor, etc. |
Servicio Editorial Universidad del País Vasco |
| Fecha de publicación, distribución, etc. |
DL 1993 |
| 300 ## - DESCRIPCIÓN FÍSICA |
| Extensión |
136 p. |
| 500 ## - NOTA GENERAL |
| Nota general |
A la coberta: Amerika eta Euskaldunak - América y los Vascos, 1992 |
| 650 04 - PUNTO DE ACCESO ADICIONAL DE MATERIA - TÉRMINO DE MATERIA |
| 9 (RLIN) |
3689 |
| Término de materia o nombre geográfico como elemento inicial |
Mitjans de comunicació de massa |
| Subdivisión geográfica |
País Basc |
| 650 04 - PUNTO DE ACCESO ADICIONAL DE MATERIA - TÉRMINO DE MATERIA |
| 9 (RLIN) |
4066 |
| Término de materia o nombre geográfico como elemento inicial |
Premsa |
| Subdivisión geográfica |
País Basc |
| 700 1# - PUNTO DE ACCESO ADICIONAL - NOMBRE DE PERSONA |
| 9 (RLIN) |
2178 |
| Nombre de persona |
Bezunartea, Ofa |
| 700 1# - PUNTO DE ACCESO ADICIONAL - NOMBRE DE PERSONA |
| 9 (RLIN) |
3687 |
| Nombre de persona |
Martínez, Florencio |
| Término indicativo de función |
coor. |
| 700 1# - PUNTO DE ACCESO ADICIONAL - NOMBRE DE PERSONA |
| 9 (RLIN) |
3688 |
| Nombre de persona |
Coca, César |
| Término indicativo de función |
coor. |
| 942 ## - ENTRADA DE ELEMENTOS AGREGADOS (KOHA) |
| Fuente de clasificaión o esquema |
|
| Koha [por defecto] tipo de item |
Monografies |